|
|
|
|
| LEADER |
00982pam a22002658a 4500 |
| 001 |
00024859 |
| 005 |
20171026081025.0 |
| 008 |
110724s2000 ||||||viesd |
| 041 |
0 |
# |
|a vie
|
| 082 |
1 |
4 |
|a 915.950 076
|b GI462TH
|
| 100 |
1 |
# |
|a Phí Công Việt
|
| 245 |
1 |
0 |
|a Giới thiệu đề thi tuyển sinh môn Địa lí
|b Vào Đại học và Cao đẳng trong toàn quốc năm học 2001-2002
|c B.s: Phí Công Việt, Đỗ Ngọc Tiến
|
| 260 |
# |
# |
|a H.
|b Nxb. Hà Nội
|c 2000
|
| 300 |
# |
# |
|a 263tr.
|c 21 cm.
|
| 650 |
# |
4 |
|a Cao đẳng
|
| 650 |
# |
4 |
|a Sách luyện thi
|
| 650 |
# |
4 |
|a Địa lí
|
| 650 |
# |
4 |
|a Đề thi tuyển sinh
|
| 650 |
# |
4 |
|a Đại học
|
| 700 |
1 |
# |
|a Đỗ Ngọc Tiến
|
| 852 |
# |
# |
|j KD.0010035
|j KM.0003378
|
| 852 |
# |
# |
|b Kho đọc
|j KD.0010035
|
| 852 |
# |
# |
|b Kho mượn
|j KM.0003378
|
| 910 |
0 |
# |
|a Ntuyet
|d 24/07/2011
|
| 980 |
# |
# |
|a Trung tâm Học liệu Lê Vũ Hùng, Trường Đại học Đồng Tháp
|